000 00444nam a2200181Ia 4500
003 GCL
008 140319s9999 xx 000 0 eng d
040 _aGCL /
_cGCL
082 0 4 _a863
_bB A
100 1 _aBAROJA, PIO
245 1 0 _aEL ARBOL DE LA CIENCIA /
_cBAROJA, PIO
260 _a[S.N] :
_bALIANZA EDITORIAL ،
_c1987
300 _a249
650 0 4 _aLITERATURE
650 0 4 _aFICTION
650 0 4 _aSPANISH LITERATURE
942 _2ddc
_cBK
999 _c10937
_d10937